000
00202 a2200097 4500
001
23662
100
_a
Vahid, A.S
245
_a
Studies in Iqbal
260
_a
_b
Mohomed Ashraf
_c
090
_c
16042
_d
16042
942
_a
NUST-CAE
_c
M
_c
6717
999
_c
258735
_d
258735